R (on the application of Persimmon Homes (South East) Ltd) and another v Secretary of State for Transport (Record no. 74810)
[ view plain ]
| 000 -LEADER | |
|---|---|
| fixed length control field | 01387cab a2200241 4500 |
| 001 - CONTROL NUMBER | |
| control field | ABS68720 |
| 008 - FIXED-LENGTH DATA ELEMENTS--GENERAL INFORMATION | |
| fixed length control field | 050217n2005 000 0 eng u |
| 035 ## - SYSTEM CONTROL NUMBER | |
| System control number | (Sirsi) u128829 |
| 245 ## - TITLE STATEMENT | |
| Title | R (on the application of Persimmon Homes (South East) Ltd) and another v Secretary of State for Transport |
| 260 ## - PUBLICATION, DISTRIBUTION, ETC. | |
| Date of publication, distribution, etc. | 2005 |
| 490 ## - SERIES STATEMENT | |
| Series statement | Estates Gazette |
| Volume/sequential designation | [2004] 04 EG 167 (CS) |
| 520 ## - SUMMARY, ETC. | |
| Summary, etc. | QBD (Admin), 21 January 2005. The claimant (P) had applied for a judicial review following the SoS's decision not to hold a public inquiry into a proposed development of land near Gatwick Airport that was materially affected by the airports white paper ("The future of air transport") and government guidance on acceptable noise levels for residential development. P contended that the SOS had acted unfairly and unreasonably in refusing to hold a public inquiry. "Held": claim dismissed. The court had no statutory framework to order an inquiry and there was no precedent allowing for a hearing or inquiry as part of the policy review process. |
| 590 ## - LOCAL NOTE (RLIN) | |
| Local note | ABS |
| 650 ## - SUBJECT ADDED ENTRY--TOPICAL TERM | |
| Topical term or geographic name entry element | R v SOS TRANSPORT EX P PERSIMMON HOMES (SOUTH EAST) LTD |
| 650 ## - SUBJECT ADDED ENTRY--TOPICAL TERM | |
| Topical term or geographic name entry element | BINNEY V SOS ENVIRONMENT |
| 650 ## - SUBJECT ADDED ENTRY--TOPICAL TERM | |
| Topical term or geographic name entry element | GATWICK AIRPORT |
| 650 ## - SUBJECT ADDED ENTRY--TOPICAL TERM | |
| Topical term or geographic name entry element | NOISE POLLUTION |
| 650 ## - SUBJECT ADDED ENTRY--TOPICAL TERM | |
| Topical term or geographic name entry element | PLANNING POLICY |
| 650 ## - SUBJECT ADDED ENTRY--TOPICAL TERM | |
| Topical term or geographic name entry element | AIRPORT EXPANSION |
| 650 ## - SUBJECT ADDED ENTRY--TOPICAL TERM | |
| Topical term or geographic name entry element | RESIDENTIAL DEVELOPMENT |
| 690 ## - LOCAL SUBJECT ADDED ENTRY--TOPICAL TERM (OCLC, RLIN) | |
| Topical term or geographic name as entry element | PROPERTY-PROPERTY DEVELOPMENT |
| 942 ## - ADDED ENTRY ELEMENTS (KOHA) | |
| Suppress in OPAC | 0 |
| Withdrawn status | Lost status | Source of classification or shelving scheme | Damaged status | Not for loan | Home library | Current library | Shelving location | Date acquired | Total Checkouts | Full call number | Barcode | Date last seen | Copy number | Price effective from | Koha item type |
|---|---|---|---|---|---|---|---|---|---|---|---|---|---|---|---|
| Dewey Decimal Classification | London | London | Journal article | 17/02/2005 | ABS68720 | 128829-1001 | 06/08/2019 | 1 | 06/08/2019 | Journal article |